| 000 | 00457nam a2200157 i 4500 | ||
|---|---|---|---|
| 001 | 30241 | ||
| 003 | ES-MaACL | ||
| 005 | 20230906154148.0 | ||
| 007 | t| | ||
| 008 | 030124s1971 sp ||||1| spa d | ||
| 100 | 1 |
_aBassas Grau, Enrique. _926306 |
|
| 245 | 1 | 3 |
_aLa solución médica de la calvicie / _cEnrique Bassas Grau. |
| 260 |
_aBarcelona : _bDe Vecchi, _c1971. |
||
| 300 |
_a226 p., 2 lám. : _bil. ; _c19 cm. |
||
| 852 |
_aES-MaACL _jC-45293 _bR.79346 |
||
| 999 |
_c30241 _d30241 |
||